|
|
|
|
| LEADER |
01745cas a2200241 a 4500 |
| 001 |
AALejournalIMF009509 |
| 008 |
230101c9999 xx r poo 0 0eng d |
| 020 |
|
|
|c 5.00 USD
|
| 020 |
|
|
|z 9781451804935
|
| 022 |
|
|
|a 1934-7685
|
| 040 |
|
|
|a BD-DhAAL
|c BD-DhAAL
|
| 110 |
2 |
|
|a International Monetary Fund.
|
| 245 |
1 |
0 |
|a Bosnia and Herzegovina :
|b 2007 Article IV Consultation; Staff Report; Public Information Notice on the Executive Board Discussion; and Statement by the Executive Director for Bosnia and Herzegovina.
|
| 264 |
|
1 |
|a Washington, D.C. :
|b International Monetary Fund,
|c 2007.
|
| 300 |
|
|
|a 1 online resource (56 pages)
|
| 490 |
1 |
|
|a IMF Staff Country Reports
|
| 500 |
|
|
|a <strong>Off-Campus Access:</strong> No User ID or Password Required
|
| 500 |
|
|
|a <strong>On-Campus Access:</strong> No User ID or Password Required
|
| 506 |
|
|
|a Electronic access restricted to authorized BRAC University faculty, staff and students
|
| 520 |
3 |
|
|a This 2007 Article IV Consultation highlights that the economy of Bosnia and Herzegovina is enjoying its fourth consecutive year of stable growth underpinned by the currency board. Export growth of 29 percent on the back of productivity gains, export price increases, and improvements in reporting following the introduction of the VAT, combined with robust domestic demand, pushed real GDP up 6 percent in 2006. Fiscal policy has thus far been prudent. This good overall picture reflects a benign external environment and the effects of past economic reforms.
|
| 538 |
|
|
|a Mode of access: Internet
|
| 830 |
|
0 |
|a IMF Staff Country Reports; Country Report ;
|v No. 2007/268
|
| 856 |
4 |
0 |
|z Full text available on IMF
|u http://elibrary.imf.org/view/journals/002/2007/268/002.2007.issue-268-en.xml
|z IMF e-Library
|